| 000 | 02153nam a2200313 i 4500 | ||
|---|---|---|---|
| 003 | OSt | ||
| 008 | 230207s2021 nyu g 000 f eng d | ||
| 020 |
_a9780399179709 _cRM42.50 _qpaperback |
||
| 040 |
_aPPAK _beng _cPPAK _erda |
||
| 082 | 0 | 4 |
_223 _a813.54 |
| 090 | 0 | 0 |
_a813.54 _bSTE _dG |
| 100 | 1 |
_aSteel, Danielle, _eauthor. |
|
| 245 | 1 | 0 |
_aAll That Glitters : _bA Novel / _cDANIELLE STEEL |
| 250 | _aDell Mass Market Edition | ||
| 264 | 1 |
_aNew York, NY, : _bDell, _c2021 |
|
| 300 |
_a384 pages ; _c18 cm. |
||
| 336 |
_atext _2rdacontent |
||
| 337 |
_aunmediated _2rdamedia |
||
| 338 |
_avolume _2rdacarrier |
||
| 520 | _a"Nicole "Coco" Martin is destined to have it all. As the only child of doting and successful parents, she has been given every opportunity in life. Having inherited her mother's stunning beauty and creativity, along with her father's work ethic and diligence, she has the world at her feet. Her graduation from Columbia is fast approaching, and with it the summer job of her dreams working at a magazine. Between work, leisurely weekends at her family's home in Southampton, and spending as much time as possible with her best friend, Sam, life couldn't be better - until tragedy strikes. Coco's beloved parents are killed in a terrorist attack while on vacation in France. Now devastated and alone, Coco must find a way to move forward and make her way in the world without the family she loved. Determined to forge her own path and make her parents proud, Coco pursues her dreams, dazzled by exciting opportunities that come her way. Her goals are to think outside the box - and always play by her own rules. As she finds herself drawn to charismatic, fascinating men, each relationship will teach Coco new lessons, some delightful, some painful. She will come to realize what matters, and how strong she truly is - and in the end, she will discover herself."--Publisher. | ||
| 650 | 1 | 0 |
_aFamilies _vFiction |
| 650 | 2 | 0 |
_aGrief _vFiction |
| 650 | 2 | 0 |
_aFriendship _vFiction |
| 650 | 2 | 0 |
_aSuccess _vFiction |
| 650 | 2 | 0 |
_aOrphans _vFiction |
| 655 | 7 | _aBildungsromans. | |
| 655 | 7 | _aRomance fiction. | |
| 942 |
_2ddc _cB |
||
| 999 |
_c191371 _d191371 |
||